Sports Quiz

Random Sports or WWE Quiz

WWF/E PPV Steel Cage Matches Quiz Stats

 Plays Quiz not verified by Sporcle

Challenge
Share
Tweet
Embed
Score 0/77 Timer 07:00
0 Plays Today
Wrestler % Correct
Triple H
96.5%
Triple H
96.5%
Triple H
96.5%
Triple H
96.5%
Triple H
96.5%
Triple H
96.4%
Hulk Hogan
96%
Hulk Hogan
96%
Hulk Hogan
96%
The Undertaker
95.2%
Kane
94.7%
Kane
94.7%
John Cena
94.4%
John Cena
94.4%
John Cena
94.4%
Steve Austin
94.3%
Steve Austin
94.3%
John Cena
94.3%
Edge
93.1%
Edge
93.1%
Edge
93.1%
Edge
93.1%
The Rock
92.8%
The Rock
92.8%
Edge
92.1%
Randy Orton
91.6%
Randy Orton
91.6%
Randy Orton
91.6%
Jeff Hardy
91%
Matt Hardy
90.8%
Randy Orton
90.8%
Jeff Hardy
90.8%
Jeff Hardy
90.8%
Matt Hardy
90.7%
Matt Hardy
90.7%
The Big Show
90.4%
The Big Show
90.4%
The Big Show
90.4%
Christian
89.5%
Wrestler % Correct
Bret Hart
89%
Bret Hart
89%
Mankind
88.5%
Mankind
88.5%
Owen Hart
88.3%
Christian
87.4%
Bubba Ray Dudley
85.9%
D-Von Dudley
85.9%
Brock Lesnar
85.7%
Chris Jericho
84.3%
Chris Jericho
84.3%
Vince McMahon
82.6%
Batista
82.6%
Batista
82.6%
The Ultimate Warrior
82.2%
King Kong Bundy
80.9%
Ric Flair
80.5%
Ric Flair
80.5%
Daniel Bryan
80%
Seth Rollins
78.8%
John Bradshaw Layfield
75%
The Miz
75%
Mark Henry
73.4%
Diesel
72%
Sheamus
69.6%
Bray Wyatt
67.4%
Johnny Nitro
64.3%
John Morrison
64.3%
Rick Rude
63.5%
X-Pac
59.5%
X-Pac
59.5%
Ken Shamrock
56.5%
Diamond Dallas Page
56.1%
Rikishi
54.5%
Chris Kanyon
52.5%
Big Boss Man
51.4%
Val Venis
49.2%
Paul Orndorff
45.3%

You're not logged in!

Compare scores with friends on all Sporcle quizzes.
OR
Log In

You Might Also Like...

Show Comments

Extras

Curator's Pick Oct 25, 2013SourceReportNominate
Tags:WWE Quiz, matching, ppv, wrestlers, wrestling, WWF

Top Quizzes Today


Score Distribution

Your Account Isn't Verified!

In order to create a playlist on Sporcle, you need to verify the email address you used during registration. Go to your Sporcle Settings to finish the process.

Report this User

Report this user for behavior that violates our Community Guidelines.

Details: